| 000 | 01056nam a2200301 i 4500 | ||
|---|---|---|---|
| 001 | 184223 | ||
| 003 | ES-MaACL | ||
| 005 | 20230906222119.0 | ||
| 008 | 150522s1973 sp ao e |||| |dspa d | ||
| 020 | _a84-7017-376-6 | ||
| 080 | _a7:069(443.61 P.)Louvre | ||
| 245 | 0 | 3 |
_aEl Louvre _b: París / _c[textos de Gigetta dalli Regoli ... [et al.] ; traducción de Máximo Cortini]. |
| 246 | 3 | 4 | _aEnciclopedia de los museos |
| 260 |
_aBarcelona : _bArgos, _c[1973] |
||
| 300 |
_a172 p. : _bil. col., fot. ; _c29 cm. |
||
| 490 | 1 |
_aEnciclopedia de los Museos ; _v3 |
|
| 500 | _aÍndices. | ||
| 504 | _aBibliografía: p. 168. | ||
| 594 | _aPresentación, Jean Chatelain. | ||
| 610 | 2 | 4 |
_aMusée du Louvre. _95813 |
| 700 | 1 |
_aDalli Regoli, Gigetta. _9156879 |
|
| 700 | 1 |
_aCortini, Máximo. _940954 |
|
| 700 | 1 |
_aChatelain, Jean. _938183 |
|
| 830 | 0 |
_aEnciclopedia de los Museos ; _v3 _9192084 |
|
| 852 |
_aES-MaACL _jE-15633 _z- enc. guaflex |
||
| 852 |
_aES-MaACL _jL-30408 _z- enc. guaflex _z. - Donat. Miguel A. Velasco |
||
| 999 |
_c184223 _d184223 |
||